Normal view
MARC view
Entry Uniform Title
001 - CONTROL NUMBER
- control field: 44636
003 - CONTROL NUMBER IDENTIFIER
- control field: ARRUPE
005 - DATE AND TIME OF LATEST TRANSACTION
- control field: 20190214092311.0
008 - FIXED-LENGTH DATA ELEMENTS
- fixed length control field: 190214|| aca||aabn | a|a d
040 ## - CATALOGING SOURCE
- Original cataloging agency: ARRUPE
- Transcribing agency: ARRUPE
130 ## - HEADING--UNIFORM TITLE
- Uniform title: Bible.
- Name of part/section of a work: Gospels
- General subdivision: Criticism, interpretation, etc.
670 ## - SOURCE DATA FOUND
- Source citation: Work cat.: (ARRUPE)0: King, Nicholas, 1947- 44635, Setting the Gospel free /, 1995.